000 00739nam a2200229 i 4500
001 17334
003 ES-MaACL
005 20240301063047.0
007 t|
008 010131s2000 sp ||||1| spa d
020 _a84-460-1233-2
080 _a1 Spinoza, Benedictus de
100 0 _aNegri, Antonio,
_d1933-
_985299
245 1 0 _aSpinoza subversivo
_b: variaciones (in)actuales /
_cAntonio Negri.
260 _aMadrid :
_bAkal,
_c[2000]
300 _a158 p. ;
_c24 cm.
490 1 _aCuestiones de antagonismo ;
_v7
600 1 4 _aSpinoza, Benedictus de-
_xCrítica e interpretación.
_9107753
830 0 _aCuestiones de antagonismo ;
_v7
_9180285
852 _aES-MaACL
_jL-24238
_bR.129368
999 _c17334
_d17334